80 años de noticias 1917-1997

Furkejuvvon:
Bibliográfalaš dieđut
Searvvušdahkki: Diario La Nación (Dahkki)
Materiálatiipa: Girji
Giella:espánnjágiella
Almmustuhtton: Santiago La Nación 1997
Fáttát:
Fáddágilkorat: Lasit fáddágilkoriid
Eai fáddágilkorat, Lasit vuosttaš fáddágilkora!

MARC

LEADER 00000nam a2200000 a 4500
001 UCT8157
003 CL-VaPUC
008 970318e19970000CL |||||||||||||||||spa|d
082 0 4 |a 070.4  |b DIA  |2 21 
110 2 |a Diario La Nación  |e author  |9 379688 
245 1 0 |a 80 años de noticias 1917-1997 
300 |a 201 p 
942 |c BK 
945 |d 19970318 00:00:00  |a rbrito 
260 |a Santiago  |b La Nación  |c 1997 
650 0 |a Periodismo   |9 310113 
650 0 |a Fotografías  |9 268494 
650 0 |a Noticias   |9 332257 
650 0 |a Historia  |9 255047 
651 7 |a CHILE  |2 CL-VaPUC  |9 379689 
583 |a last modification  |c 19970318 00:00:00  |k Rodrigo Vera 
999 |c 256687  |d 256685 
952 |0 0  |1 0  |2 ddc  |4 0  |6 070_400000000000000_DIA_1997  |7 0  |8 A  |9 279550  |a BIBCUR  |b BIBCUR  |c PAC  |d 2019-11-19  |i 3290603  |o 070.4 DIA 1997  |p 3290603  |r 2025-04-22  |w 2019-11-19  |y BK  |k PER